000 01194nam2a22002411 4500
001 RU\NLR\INFOCOMM55\1000060342
005 20250617121844.0
035 _a(NLR Aleph) 002597059
090 _a3409988
_c3409988
100 _a20040611d1984 |||y0rusy50 ca
101 0 _arus
102 _aRU
105 _ay |||||||||
200 1 _aЕжегодный анализ состояния проблемы и научно-технического уровня НИОКР
210 _d1984
_aБ. м.
461 0 _1001RU\NLR\INFOCOMM55\1000060328
_12001#$aОчистка природных и сточных вод$eАналит. обзор. Сост. на основе отчетов о НИР и дис., поступивших во ВНТИЦентр$fВНТИЦентр$vВып.17
_93409871
_cМ.
_d1979-
_fВНТИЦентр
_oАналит. обзор. Сост. на основе отчетов о НИР и дис., поступивших во ВНТИЦентр
_tОчистка природных и сточных вод
_vВып.17
801 1 _aRU
_bInfoComm
_c20040611
801 0 _aRU
_bNLR
_gPSBO
852 _aNLR
_jП10/5718
942 _cISSUE
980 _aNB
980 _aRUSPER